Catálogo público

Acta Alimentaria : (Record no. 76692)

MARC details
000 -CABECERA
campo de control de longitud fija 01367cas a22003977ar4500
001 - NÚMERO DE CONTROL
campo de control 000079503
003 - IDENTIFICADOR DEL NÚMERO DE CONTROL
campo de control DLC
005 - FECHA Y HORA DE LA ÚLTIMA TRANSACCIÓN
campo de control 20220329142004.0
008 - DATOS DE LONGITUD FIJA--INFORMACIÓN GENERAL
campo de control de longitud fija 120524c1972tt hu qr p rnn 0 a1b1eng d
010 ## - NÚMERO DE CONTROL DE LA BIBLIOTECA DEL CONGRESO
Número de control de LC 76692
011 ## - ENLACE DEL NUMERO DE CONTROL DE LA BIBLIOTECA DEL CONGRESO [OBSOLETO]
Número de control de LC 77664
022 ## - NÚMERO INTERNACIONAL NORMALIZADO PARA PUBLICACIONES SERIADAS
Número Internacional Normalizado para Publicaciones Seriadas 0139-3006
022 0# - NÚMERO INTERNACIONAL NORMALIZADO PARA PUBLICACIONES SERIADAS
Número Internacional Normalizado para Publicaciones Seriadas 1588-2335 (versión electrónica)
030 ## - DESIGNACIÓN CODEN
CODEN ALCALDI
035 ## - NÚMERO DE CONTROL DEL SISTEMA
Número de control de sistema 87323
210 0# - TÍTULO ABREVIADO
Título abreviado Acta aliment.
245 00 - MENCIÓN DE TÍTULO
Título Acta Alimentaria :
Resto del título an International Journal of Food Science.
260 ## - PUBLICACIÓN, DISTRIBUCIÓN, ETC.
Lugar de publicación, distribución, etc. Budapest :
Nombre del editor, distribuidor, etc. Akadémiai Kiado,
Fecha de publicación, distribución, etc. 1972-.
300 ## - DESCRIPCIÓN FÍSICA
Extensión v. :
Otras características físicas il.
310 ## - PERIODICIDAD ACTUAL
Periodicidad actual Trimestral
362 1# - FECHAS DE PUBLICACIÓN Y/O DESIGNACIÓN SECUENCIAL
Fecha de publicación y/o designación secuencial v.3 n.1, 1974
500 ## - NOTA GENERAL
Nota general Inicia en (año)con el vol. #, no. #
530 ## - NOTA DE FORMATO FÍSICO ADICIONAL DISPONIBLE
Nota de formato físico adicional disponible A partir del v.28 n.1 1994 disponible en línea
590 ## - NOTA LOCAL (RLIN)
Nota local BATCH-UPD
Procedencia (VM) [OBSOLETO] 10
Condición del los carretes individuales (VM) [OBSOLETO] 20130110
-- UCH01
-- 2341
590 ## - NOTA LOCAL (RLIN)
Nota local BATCH-UPD
Procedencia (VM) [OBSOLETO] 10
Condición del los carretes individuales (VM) [OBSOLETO] 20130410
-- UCH01
-- 1629
590 ## - NOTA LOCAL (RLIN)
Nota local CONVERSION
Procedencia (VM) [OBSOLETO] 10
Condición del los carretes individuales (VM) [OBSOLETO] 20130109
-- UCH01
-- 1342
590 ## - NOTA LOCAL (RLIN)
Nota local E11694LHA
Procedencia (VM) [OBSOLETO] 10
Condición del los carretes individuales (VM) [OBSOLETO] 20140124
-- UCH01
-- 1222
590 ## - NOTA LOCAL (RLIN)
Nota local E5765TAJ
Procedencia (VM) [OBSOLETO] 10
Condición del los carretes individuales (VM) [OBSOLETO] 20140124
-- UCH01
-- 1220
590 ## - NOTA LOCAL (RLIN)
Nota local E5765TAJ
Procedencia (VM) [OBSOLETO] 10
Condición del los carretes individuales (VM) [OBSOLETO] 20140124
-- UCH01
-- 1243
650 14 - PUNTO DE ACCESO ADICIONAL DE MATERIA--TÉRMINO DE MATERIA
Término de materia o nombre geográfico como elemento de entrada Alimentos
Subdivisión general Publicaciones periodicas.
9 (RLIN) 4273
780 00 - ENLACE A UN TÍTULO/ENTRADA ANTERIOR
Título Acta Alimentaria
780 00 - ENLACE A UN TÍTULO/ENTRADA ANTERIOR
Título Acta alimentaria Academiae Scientiarum Hungaricae
Número Internacional Normalizado para Publicaciones Seriadas 0302-7308
856 40 - LOCALIZACIÓN Y ACCESO ELECTRÓNICOS
Especificación de materiales Finding aid
Identificador Uniforme del Recurso <a href="http://www.swetswise.com/swoc-web/linkingDetails.html?openURL=false&issn=0139-3006&eissn=0139-3006">http://www.swetswise.com/swoc-web/linkingDetails.html?openURL=false&issn=0139-3006&eissn=0139-3006</a>
Nota pública Teclea aqui
901 ## - ELEMENTOS DE DATOS A LOCAL LDA (RLIN)
a SE
942 ## - ELEMENTOS DE PUNTO DE ACCESO ADICIONAL (KOHA)
Suprimir en OPAC 0

No items available.